01501nam a2200289 a 450000100100000000500170001000800410002702000180006804000250008608200200011110000440013124500700017526000350024530000270028050000700030759000270037765000290040465000310043371000520046491000370051695201330055395201330068695201330081995201180095295201240107099900170119400004081920240412074300.0130909s2013 dr a 000 j spa d a9789945472226 aDO-SdBNPbspacBNPHU aRD863.44bC117c1 aCabrera García, Carlos Enrique96723810aConjuros y otros microcuentos /cCarlos Enrique Cabrera García. aSanto Domingo :bINTEC,c2013. a67 p. :bil. ;c22 cm. aIncluye datos biográficos del autor en la solapa de la cubierta aInventariado, 2020/MFF 0aCuentos dominicanos9176 0aLiteratura dominicana.9672 aInstituto Tecnológico de Santo Domingo978911 aValidado. Control de calidad MFF 001054708DSaGRbGRcHDd2013-09-09iLF1l0oRD863.44 C117cp40819-30r2020-06-25te. 3w2020-06-25yLFDSZPréstamo en sala 001054708DSaGRbGRcHDd2013-11-12iLF1l0oRD863.44 C117cp40819-40r2020-06-25te. 4w2020-06-25yLFDSZPréstamo en sala 001054708DSaGRbGRcHDd2013-11-12iLF1l0oRD863.44 C117cp40819-50r2020-06-25te. 5w2020-06-25yLFDSZPréstamo en sala 0010718PDaPDbPDcHDd2013-09-09iLF1l0oRD863.44 C117cp40819-10r2020-06-25w2020-06-25yLFPDZNo se presta 0010718PDaPDbPDcHDd2013-09-09iLF1l0oRD863.44 C117cp40819-20r2020-06-25te. 2w2020-06-25yLFPDZNo se presta c40309d40309